00546 a2200157 4500020004200000050002100042245008200063264005500145300003600200336002600236337002800262338002700290500001900317650002200336700003000358 a9781785365652 (hardback : alk. paper) aKD3372bKRA 201810aPrinciples of environmental law /cedited by Ludwig Kramer, Emanuela Orlando. 1aNorthampton, MA :bEdward Elgar Pub., Inc.,c2018. axxiii, 743 pagesbillustrations atextbtxt2rdacontent aunmediatedbn2rdamedia avolumebnc2rdacarrier aIncludes index aEnvironmental law aOrlando, Emanuelaeeditor